000 00327nam a22001457a 4500
003 SGT
020 _a9780470084908
082 _a741.3
_bKER
100 _aKERLOW ISAAC
245 _aTHE ART OF 3D COMPUTER ANIMATION AND EFFECTS
250 _a4TH
260 _aCANADA
_bWILEY PUB
_c2008
300 _a499
942 _2ddc
_cBK
999 _c34667
_d34667